00686 2200241 4500001002100000005001500021035002500036245006900061260006000130300003000190008004100220082001600261084001800277100002000295500003000315650001800345040001700363090002000380850001200400041000800412990001200420990001200432YOGYA00000000004852620180815025854 a0010-0814000000482441 aKurzes Lehrbuch Der Psychoanalyse /cvon Dr. med. H. Stoltenhoff3 aBerlin :bVerlag Von Ferdinand Enke In Stuttgart,c1926 avii, 207 halaman ;c24 cm180815 g 0 dut 04223a150.195 a150.195 STO k1 aStoltenhoff, H. aTeks dalam bahasa Belanda 4aPsikoanalisis aYOPDYOGbind aL 150.195 STO k aYOPDYOG0 adut a53867-a a53867-a